[Event "Landesklasse West 2013/2014"]
[Site "?"]
[Date "2014.03.02"]
[Round "7"]
[White "Bötticher, Heinz-Wilfried"]
[Black "Viererbe, Hartmut"]
[Result "1/2-1/2"]
[WhiteElo "1828"]
[BlackElo "1626"]
[PlyCount "32"]
[EventDate "2014.??.??"]
[WhiteTeam "SV Breitenworbis"]
[BlackTeam "SC 51 Nordhausen"]

1. d4 b6 2. c4 Bb7 3. Nc3 e6 4. e4 Bb4 5. Bd3 f5 6. Qe2 Nf6 7. Bg5 O-O 8. O-O-O
Bxc3 9. bxc3 fxe4 10. Bxe4 Bxe4 11. Bxf6 Qxf6 12. Qxe4 Qf4+ 13. Qxf4 Rxf4 14.
f3 d6 15. Ne2 Rf7 16. Ng3 Nd7 1/2-1/2

[Event "Landesklasse West 2013/2014"]
[Site "?"]
[Date "2014.03.02"]
[Round "7"]
[White "Göbel, Klaus"]
[Black "Hellrung, Bernhard"]
[Result "0-1"]
[WhiteElo "1357"]
[BlackElo "1841"]
[PlyCount "110"]
[EventDate "2014.??.??"]
[WhiteTeam "SC 51 Nordhausen"]
[BlackTeam "SV Breitenworbis"]

1. d4 Nf6 2. c4 g6 3. Nc3 Bg7 4. e4 d6 5. Nge2 c6 6. Ng3 O-O 7. Be2 e5 8. d5 c5
9. Bg5 h6 10. Be3 Nbd7 11. Qd2 Kh7 12. O-O Ng8 13. Bd3 g5 14. Nb5 Nb8 15. Nf5
Bxf5 16. exf5 f6 17. b4 a6 18. Na3 b6 19. bxc5 bxc5 20. Rab1 Nd7 21. Bc2 Qc7
22. Ba4 Nb6 23. Qa5 Rfb8 24. Bc6 Ra7 25. Rb3 Ne7 26. Rfb1 Nec8 27. Qd2 Qd8 28.
Qe2 Ne7 29. Bd2 a5 30. Nb5 a4 31. Rh3 Ra6 32. Rd1 Nbc8 33. Nc3 Nxc6 34. dxc6
Ne7 35. Qe4 Nxc6 36. Nd5 Nd4 37. Bxg5 Ra7 38. Bc1 Rab7 39. Qg4 Qf8 40. Qg6+ Kh8
41. Bxh6 Kg8 42. Nc3 Qf7 43. Qxf7+ Kxf7 44. Bxg7 Kxg7 45. Rg3+ Kf7 46. Rh3 Nxf5
47. Nb5 Ke6 48. g4 Rg7 49. f3 Nd4 50. Nxd4+ cxd4 51. Rg3 Rb2 52. Rg2 Rgb7 53.
Rgd2 a3 54. Kg2 Rxd2+ 55. Rxd2 Rb2 0-1

[Event "Landesklasse West 2013/2014"]
[Site "?"]
[Date "2014.03.02"]
[Round "7"]
[White "Montag, Andreas"]
[Black "Vergin, Marcel"]
[Result "0-1"]
[WhiteElo "1690"]
[BlackElo "1702"]
[PlyCount "96"]
[EventDate "2014.??.??"]
[WhiteTeam "SC 51 Nordhausen"]
[BlackTeam "SV Breitenworbis"]

1. d4 Nf6 2. Nf3 d6 3. c4 Nbd7 4. Nc3 e5 5. e4 c6 6. h3 Be7 7. Be3 O-O 8. Bd3
Re8 9. d5 a6 10. O-O Bf8 11. b4 cxd5 12. cxd5 b6 13. a4 Bb7 14. Nd2 Rc8 15. Rc1
a5 16. bxa5 bxa5 17. Nb5 Nb6 18. Qb3 Nfd7 19. Na3 Rb8 20. Bb5 Ba8 21. Qc3 f5
22. f3 Re7 23. Nac4 Nxc4 24. Nxc4 Nf6 25. Nd2 fxe4 26. fxe4 Rbb7 27. Bg5 Qc7
28. Bc6 Rb4 29. Bxa8 Qa7+ 30. Kh1 Qxa8 31. Bxf6 gxf6 32. Rxf6 Rg7 33. Qc8 Qxc8
34. Rxc8 Rf7 35. Rxf7 Kxf7 36. Rc4 Rb2 37. Nf3 Bh6 38. Nh4 Bf4 39. Kg1 Bg3 40.
Rc7+ Ke8 41. Kf1 Bxh4 42. Rxh7 Bg3 43. Rh8+ Kf7 44. Rh7+ Kg6 45. Ra7 Rb1+ 46.
Ke2 Be1 47. Ra6 Bb4 48. Ra8 Ra1 0-1

[Event "Landesklasse West 2013/2014"]
[Site "?"]
[Date "2014.03.02"]
[Round "7"]
[White "Beikirch, Heinz"]
[Black "Wauer, Klaus"]
[Result "1-0"]
[WhiteElo "1425"]
[BlackElo "1427"]
[PlyCount "71"]
[EventDate "2014.??.??"]
[WhiteTeam "SV Breitenworbis"]
[BlackTeam "SC 51 Nordhausen"]

1. e4 c5 2. Nf3 d6 3. d4 cxd4 4. Nxd4 Nf6 5. Nc3 a6 6. Be2 Nc6 7. Be3 e6 8. O-O
Be7 9. Qd2 Qc7 10. f4 O-O 11. g4 e5 12. Nf5 Bxf5 13. exf5 exf4 14. Bxf4 Ne5 15.
g5 Nfd7 16. Nd5 Qd8 17. f6 gxf6 18. gxf6 Nxf6 19. Nxe7+ Qxe7 20. Bg5 Ned7 21.
Bxf6 Nxf6 22. Qg5+ Kh8 23. Qxf6+ Qxf6 24. Rxf6 Rae8 25. Bd3 Re6 26. Raf1 Kg7
27. Rxe6 fxe6 28. Rxf8 Kxf8 29. Bxh7 Kg7 30. Bd3 Kf6 31. Kf2 Kg5 32. Kg3 b5 33.
h4+ Kh5 34. Be2+ Kh6 35. Kg4 d5 36. Kf4 1-0

[Event "Landesklasse West 2013/2014"]
[Site "?"]
[Date "2014.03.02"]
[Round "7"]
[White "Wiederhold, Frank"]
[Black "Minor, Viatcheslav"]
[Result "1/2-1/2"]
[WhiteElo "1706"]
[BlackElo "1951"]
[PlyCount "51"]
[EventDate "2014.??.??"]
[WhiteTeam "SV Gernrode 1887"]
[BlackTeam "SV Wartburgstadt Eisenach"]

1. d4 d6 2. e4 Nd7 3. f4 e5 4. Nf3 exf4 5. Bxf4 h6 6. Nc3 g5 7. Bg3 Bg7 8. Bc4
Nb6 9. Bb3 Be6 10. O-O Bxb3 11. axb3 Ne7 12. Qd2 Ng6 13. h3 O-O 14. Nh2 Qe7 15.
Ng4 c5 16. d5 Nd7 17. Kh1 Nde5 18. Ne3 a6 19. Nf5 Qd8 20. Nd1 b5 21. Nde3 f6
22. Qe2 Ne7 23. Rf2 Nxf5 24. Nxf5 Qd7 25. Raf1 Rad8 26. Qh5 1/2-1/2

[Event "Landesklasse West 2013/2014"]
[Site "?"]
[Date "2014.03.02"]
[Round "7"]
[White "Neef, Michael"]
[Black "Brodmann, Michael"]
[Result "1-0"]
[WhiteElo "1867"]
[BlackElo "1718"]
[PlyCount "67"]
[EventDate "2014.??.??"]
[WhiteTeam "SV Wartburgstadt Eisenach"]
[BlackTeam "SV Gernrode 1887"]

1. d4 d5 2. c4 c6 3. Nc3 Nf6 4. cxd5 cxd5 5. Bf4 e6 6. a3 Bd6 7. Bg5 O-O 8. e3
a6 9. Bd3 Nbd7 10. Nf3 b5 11. O-O Bb7 12. Rc1 Qb6 13. Bxf6 Nxf6 14. Qe2 Rfc8
15. Rc2 Qa5 16. Rfc1 h6 17. h3 Rab8 18. Qd2 b4 19. Na2 Ne4 20. Qe1 Rxc2 21.
Rxc2 Ba8 22. Nxb4 Bxb4 23. axb4 Qa2 24. Qc1 Rxb4 25. Rc8+ Kh7 26. Rxa8 Rxb2 27.
Rxa6 Qb3 28. Ne1 f5 29. Bc2 Qb5 30. Bd3 Qb3 31. f3 Nc3 32. Kf1 Nd1 33. Rxe6 Nf2
34. Bxf5+ 1-0

[Event "Landesklasse West 2013/2014"]
[Site "?"]
[Date "2014.03.02"]
[Round "7"]
[White "Brodmann, Peter"]
[Black "Schwarz, Hilmar"]
[Result "0-1"]
[WhiteElo "1688"]
[BlackElo "1775"]
[PlyCount "54"]
[EventDate "2014.??.??"]
[WhiteTeam "SV Gernrode 1887"]
[BlackTeam "SV Wartburgstadt Eisenach"]

1. d4 d5 2. Nf3 f5 3. c4 e6 4. Nc3 Nf6 5. Bg5 c6 6. Bxf6 Qxf6 7. e3 Bd6 8. c5
Bc7 9. b4 a6 10. Be2 Nd7 11. Rc1 O-O 12. O-O Qh6 13. g3 g5 14. Nxg5 Qxg5 15. f4
Qh6 16. Rf2 Nf6 17. Rg2 Bd7 18. g4 fxg4 19. Bxg4 Nxg4 20. Rxg4+ Kh8 21. Rg2 Be8
22. Qd2 Bg6 23. a4 Bf5 24. Re1 Rg8 25. Ree2 Bh3 26. Rxg8+ Rxg8+ 27. Kh1 Qg6 0-1

[Event "Landesklasse West 2013/2014"]
[Site "?"]
[Date "2014.03.02"]
[Round "7"]
[White "Königsdörfer, Gerhard"]
[Black "Herzberg, Ägidius"]
[Result "1-0"]
[WhiteElo "1851"]
[BlackElo "1552"]
[PlyCount "55"]
[EventDate "2014.??.??"]
[WhiteTeam "SV Wartburgstadt Eisenach"]
[BlackTeam "SV Gernrode 1887"]

1. e4 c5 2. Nf3 e6 3. d4 cxd4 4. Nxd4 a6 5. c4 Bc5 6. Nb3 Be7 7. Nc3 Nc6 8. g3
Nf6 9. Bg2 O-O 10. O-O d6 11. Qe2 Qc7 12. f4 Rd8 13. Be3 e5 14. f5 b6 15. Rac1
a5 16. Nd5 Nxd5 17. cxd5 Ba6 18. Qf2 Bb5 19. Rfd1 Rab8 20. dxc6 Bxc6 21. g4 Qb7
22. Nd2 d5 23. exd5 Bxd5 24. b3 Rd7 25. Nc4 Bc5 26. Bxc5 bxc5 27. Rxd5 Rxd5 28.
Ne3 1-0

[Event "Landesklasse West 2013/2014"]
[Site "?"]
[Date "2014.03.02"]
[Round "7"]
[White "Lath, Vinzent"]
[Black "Anschütz, Bernd"]
[Result "1-0"]
[WhiteElo "1606"]
[BlackElo "1759"]
[PlyCount "72"]
[EventDate "2014.??.??"]
[WhiteTeam "SV Gernrode 1887"]
[BlackTeam "SV Wartburgstadt Eisenach"]

1. d4 Nf6 2. c4 g6 3. Nc3 d5 4. f3 Bg7 5. cxd5 Nxd5 6. e4 Nxc3 7. bxc3 c5 8.
Bb5+ Bd7 9. Bxd7+ Nxd7 10. Be3 Qa5 11. Ne2 cxd4 12. Bxd4 e5 13. Be3 Rd8 14. Qd5
Qa6 15. Rb1 Nb6 16. Qb5+ Qxb5 17. Rxb5 Rd6 18. Kf2 Kd7 19. Rhb1 Kc7 20. c4 Nxc4
21. Rxb7+ Kc6 22. Rxf7 Nxe3 23. Rxg7 Nd1+ 24. Kg3 Rd2 25. Rc1+ Kd6 26. Rgc7 Ke6
27. R1c6+ Rd6 28. Rxd6+ Kxd6 29. Rxa7 h5 30. Ra6+ Kc5 31. Rxg6 h4+ 32. Kg4 Ne3+
33. Kh3 Nd1 34. g3 hxg3+ 35. Kxg3 Ne3 36. h4 Kc4 {ab hier unklar.} 1-0

[Event "Landesklasse West 2013/2014"]
[Site "?"]
[Date "2014.03.02"]
[Round "7"]
[White "Graupner, Markus"]
[Black "Lath, Siegfried"]
[Result "0-1"]
[WhiteElo "1651"]
[BlackElo "1643"]
[PlyCount "80"]
[EventDate "2014.??.??"]
[WhiteTeam "SV Wartburgstadt Eisenach"]
[BlackTeam "SV Gernrode 1887"]

1. Nf3 Nf6 2. c4 e6 3. b3 d5 4. Bb2 c5 5. d3 Nc6 6. g3 d4 7. Bg2 Bd6 8. O-O O-O
9. e3 e5 10. a3 a5 11. e4 Bg4 12. h3 Be6 13. Ng5 Bd7 14. f4 h6 15. Nf3 exf4 16.
e5 Nxe5 17. Nxe5 Bxe5 18. gxf4 Bd6 19. Nd2 Qc7 20. Ne4 Nxe4 21. Bxe4 Bxf4 22.
Bc1 Bxc1 23. Rxc1 Rae8 24. Rc2 Bc6 25. Qg4 Qd7 26. Qg3 Bxe4 27. dxe4 Rxe4 28.
Rg2 f5 29. Qg6 Re6 30. Qh5 Qf7 31. Qf3 Rg6 32. Re1 Rxg2+ 33. Kxg2 b6 34. Qc6
Qf6 35. Re6 Qg5+ 36. Kh2 Qd2+ 37. Kh1 Qd1+ 38. Kh2 Qxb3 39. Qd5 Qc2+ 40. Kh1
Kh7 0-1

[Event "Landesklasse West 2013/2014"]
[Site "?"]
[Date "2014.03.02"]
[Round "7"]
[White "Kuntze, Andreas"]
[Black "Krüger, Karsten"]
[Result "1-0"]
[WhiteElo "1992"]
[BlackElo "1242"]
[PlyCount "58"]
[EventDate "2014.??.??"]
[WhiteTeam "Schachclub Rochade Leinefelde"]
[BlackTeam "Schachverein Stützerbach"]

1. e4 e5 2. Nf3 Nc6 3. Bc4 h6 4. d4 exd4 5. Nxd4 Bc5 6. Bxf7+ Kxf7 7. Qh5+ g6
8. Qxc5 Nxd4 9. Qxd4 Qf6 10. e5 Qe6 11. O-O Ne7 12. f4 Qb6 13. Be3 Qxd4 14.
Bxd4 Nf5 15. e6+ Kg8 16. Bxh8 Kxh8 17. g4 Ne7 18. f5 dxe6 19. f6 Bd7 20. fxe7
Kg7 21. Rd1 Re8 22. Rxd7 Kf7 23. Rxc7 h5 24. gxh5 gxh5 25. Nc3 Rg8+ 26. Kf2 h4
27. Rd1 h3 28. Rd8 Rg2+ 29. Kf3 Rxc2 1-0

[Event "Landesklasse West 2013/2014"]
[Site "?"]
[Date "2014.03.02"]
[Round "7"]
[White "Latussek, Paul"]
[Black "Kachel, Alfred"]
[Result "0-1"]
[WhiteElo "1448"]
[BlackElo "1963"]
[PlyCount "72"]
[EventDate "2014.??.??"]
[WhiteTeam "Schachverein Stützerbach"]
[BlackTeam "Schachclub Rochade Leinefelde"]

1. f4 d5 2. Nf3 Nf6 3. e3 g6 4. b3 Bg7 5. Bb2 O-O 6. Be2 c5 7. O-O Nc6 8. Ne5
Qd6 9. Nc3 a6 10. Nxc6 Qxc6 11. Bf3 e6 12. Rb1 b5 13. d3 Bb7 14. e4 b4 15. exd5
exd5 16. Ne2 Qb6 17. c4 bxc3 18. Bxc3 d4 19. Bd2 Nd5 20. Qc1 Rfd8 21. b4 cxb4
22. Bxd5 Bxd5 23. Rxb4 Qa7 24. Qb2 Rab8 25. a3 a5 26. Rb5 Bc6 27. Rxb8 Rxb8 28.
Qa1 Qc5 29. Qc1 Qd5 30. Rf2 Rb3 31. Bxa5 Rxd3 32. Bb4 h5 33. h3 Rxh3 34. Qc5
Qe4 35. Qxc6 Qxc6 36. gxh3 d3 0-1

[Event "Landesklasse West 2013/2014"]
[Site "?"]
[Date "2014.03.02"]
[Round "7"]
[White "Petiko, Jakob"]
[Black "Löhn, Marko"]
[Result "1-0"]
[WhiteElo "1910"]
[BlackElo "1564"]
[PlyCount "67"]
[EventDate "2014.??.??"]
[WhiteTeam "Schachclub Rochade Leinefelde"]
[BlackTeam "Schachverein Stützerbach"]

1. e4 c5 2. Nc3 g6 3. g3 Bg7 4. Bg2 d6 5. d3 Nf6 6. Nge2 Nc6 7. O-O O-O 8. h3
Rb8 9. Be3 e5 10. Qd2 Be6 11. Bh6 Nd4 12. Bxg7 Kxg7 13. f4 b5 14. Nd5 Nxe2+ 15.
Qxe2 Bxd5 16. exd5 Nh5 17. Qe1 exf4 18. g4 Nf6 19. Rxf4 Rb7 20. Qf2 Ng8 21. h4
Re7 22. b4 cxb4 23. Rxb4 a6 24. a4 bxa4 25. Rbxa4 Nf6 26. Rf1 Re5 27. Rf4 Ng8
28. Rxf7+ Rxf7 29. Qxf7+ Kh8 30. g5 Qb6+ 31. Kh2 Qd4 32. Rf4 Qe3 33. Qf8 Qd2
34. Rf7 1-0

[Event "Landesklasse West 2013/2014"]
[Site "?"]
[Date "2014.03.02"]
[Round "7"]
[White "Handschuh, Franz"]
[Black "Frank, Thomas"]
[Result "1/2-1/2"]
[WhiteElo "1807"]
[BlackElo "1897"]
[PlyCount "52"]
[EventDate "2014.??.??"]
[WhiteTeam "Schachverein Stützerbach"]
[BlackTeam "Schachclub Rochade Leinefelde"]

1. d4 Nf6 2. c4 g6 3. Nc3 Bg7 4. g3 d6 5. Bg2 O-O 6. Nf3 Nc6 7. O-O Bd7 8. b3
Rb8 9. Bb2 a6 10. Rc1 Re8 11. e3 e5 12. dxe5 dxe5 13. h3 h6 14. Qe2 Qc8 15. Kh2
Nh7 16. Rfd1 Nf8 17. Rd2 Be6 18. Rcd1 Nd7 19. Ne1 Ne7 20. Nd5 Nf5 21. Nc2 c6
22. Nc3 Qc7 23. Ba3 Bf8 24. Bxf8 Kxf8 25. e4 Ne7 26. Ne3 Ng8 1/2-1/2

[Event "Landesklasse West 2013/2014"]
[Site "?"]
[Date "2014.03.02"]
[Round "7"]
[White "Pfitzenreuter, Gerald"]
[Black "Brehme, Stefan"]
[Result "1-0"]
[WhiteElo "1893"]
[BlackElo "1775"]
[PlyCount "107"]
[EventDate "2014.??.??"]
[WhiteTeam "Schachclub Rochade Leinefelde"]
[BlackTeam "Schachverein Stützerbach"]

1. d4 Nf6 2. c4 e5 3. dxe5 Ng4 4. Nf3 Bc5 5. e3 Nc6 6. Bd2 Ngxe5 7. Nxe5 Nxe5
8. Bc3 Qe7 9. a3 a5 10. Nd2 O-O 11. b4 axb4 12. axb4 Rxa1 13. Qxa1 Bxe3 14.
fxe3 Ng4 15. e4 Qg5 16. Bd4 f5 17. Qc3 fxe4 18. Be2 d6 19. Qg3 h5 20. Bxg4 hxg4
21. Qe3 Qe7 22. Rf1 Bf5 23. g3 b6 24. Rf4 d5 25. c5 b5 26. Bc3 c6 27. Nf1 Qa7
28. Qd4 Rf7 29. Ne3 Be6 30. Rxf7 Qxf7 31. Qe5 Qg6 32. Qb8+ Kh7 33. Qd6 Qh6 34.
Bd4 Qxh2 35. Qxe6 Qxg3+ 36. Ke2 Qf3+ 37. Kd2 Qf2+ 38. Kc3 Qe1+ 39. Kb3 Qb1+ 40.
Bb2 Qd3+ 41. Ka2 Qxe3 42. Qf5+ Kh6 43. Qxg4 d4 44. Qd1 Qd3 45. Qxd3 exd3 46.
Kb3 g5 47. Bxd4 Kg6 48. Kc3 Kf5 49. Kxd3 g4 50. Ke3 Ke6 51. Ke4 g3 52. Be5 g2
53. Bd4 Kd7 54. Kf5 1-0

[Event "Landesklasse West 2013/2014"]
[Site "?"]
[Date "2014.03.02"]
[Round "7"]
[White "Mages, Horst"]
[Black "Seeboth, Paul"]
[Result "0-1"]
[WhiteElo "1713"]
[BlackElo "1819"]
[PlyCount "86"]
[EventDate "2014.??.??"]
[WhiteTeam "Schachverein Stützerbach"]
[BlackTeam "Schachclub Rochade Leinefelde"]

1. d4 Nf6 2. c4 e6 3. Nf3 d5 4. g3 c6 5. Bg2 Nbd7 6. O-O dxc4 7. Nc3 Bb4 8. Qc2
O-O 9. e4 a6 10. e5 Nd5 11. Ng5 g6 12. Nce4 b5 13. h4 Qb6 14. Nf3 Be7 15. h5
Kg7 16. Qd2 Rh8 17. Qh6+ Kg8 18. Bh3 c5 19. Kg2 cxd4 20. Rh1 Bb7 21. Nd6 Nxe5
22. Nxe5 Qxd6 23. hxg6 Nf4+ 24. Kf1 Qxe5 25. gxf4 hxg6 26. fxe5 Rxh6 27. Bxh6
Bxh1 28. Bg2 Bxg2+ 29. Kxg2 f6 30. Bf4 g5 31. Bg3 f5 32. f4 g4 33. Rh1 Kg7 34.
Kf2 Rd8 35. Ke2 Rh8 36. Rxh8 Kxh8 37. Bf2 Bc5 38. Bh4 Kg7 39. Kd2 Kf7 40. Ke2
Ke8 41. Kd2 Kd7 42. Ke2 Kc6 43. Kd2 Kd5 0-1

[Event "Landesklasse West 2013/2014"]
[Site "?"]
[Date "2014.03.23"]
[Round "8"]
[White "Schorch, Rüdiger"]
[Black "Grube, Jan"]
[Result "1-0"]
[WhiteElo "1837"]
[BlackElo "1831"]
[PlyCount "43"]
[EventDate "2014.??.??"]
[WhiteTeam "SV Ammern"]
[BlackTeam "ESV Lok Meiningen"]

1. c4 c5 2. Nf3 Nc6 3. d4 cxd4 4. Nxd4 Nf6 5. Nc3 g6 6. e4 d6 7. Be2 Bg7 8. O-O
O-O 9. Be3 Bd7 10. Qd2 Nxd4 11. Bxd4 Qa5 12. Rfd1 Qc7 13. Bxf6 Bxf6 14. Nd5 Qc6
15. e5 Bh4 16. Qh6 Bxf2+ 17. Kxf2 Qc5+ 18. Kf1 Kh8 19. b4 Qc6 20. Rd4 g5 21.
Nxe7 Qb6 22. Qf6# 1-0

[Event "Landesklasse West 2013/2014"]
[Site "?"]
[Date "2014.03.23"]
[Round "8"]
[White "Von Otte, Wilhelm"]
[Black "Dawydow, Alexej"]
[Result "0-1"]
[WhiteElo "1938"]
[BlackElo "1934"]
[PlyCount "136"]
[EventDate "2014.??.??"]
[WhiteTeam "ESV Lok Meiningen"]
[BlackTeam "SV Ammern"]

1. e4 e5 2. Nf3 Nc6 3. Bb5 a6 4. Ba4 Nf6 5. O-O Be7 6. c3 d6 7. d4 b5 8. Bb3
exd4 9. cxd4 Bg4 10. Be3 Na5 11. Bc2 Nc4 12. Bc1 c5 13. b3 Nb6 14. Bb2 O-O 15.
Nbd2 Rc8 16. Rc1 c4 17. Bb1 Bh5 18. Qe2 cxb3 19. axb3 Re8 20. Qe3 Bg6 21. Rxc8
Qxc8 22. Rc1 Qb7 23. Nh4 Bh5 24. Qg3 Bf8 25. f3 Rc8 26. Rxc8 Qxc8 27. Nf5 Qd7
28. d5 Ne8 29. Qf2 Nc8 30. g4 Bg6 31. Ng3 Qc7 32. h4 h6 33. Kg2 Nb6 34. f4 Nd7
35. Nf3 Nef6 36. g5 hxg5 37. hxg5 Nxd5 38. f5 Nf4+ 39. Kh2 Bh5 40. Nxh5 Nxh5
41. Qh4 g6 42. fxg6 fxg6 43. Qg4 Nc5 44. b4 Qd7 45. Qg2 Na4 46. Bd4 Bg7 47. e5
Nf4 48. Qg3 dxe5 49. Ba2+ Kh7 50. Qh4+ Nh5 51. Bb1 exd4 52. Qxh5+ Kg8 53. Qxg6
Nc3 54. Bf5 Qe7 55. Be6+ Kf8 56. Qf5+ Ke8 57. g6 Qf6 58. Bf7+ Ke7 59. Qg4 d3
60. Kg2 Bh6 61. Qc8 Ne2 62. Qb7+ Kd8 63. Qd5+ Kc7 64. Qc5+ Kd8 65. Kf2 Nf4 66.
Qa7 Qb2+ 67. Ke3 Qe2+ 68. Kd4 Qf2+ 0-1

[Event "Landesklasse West 2013/2014"]
[Site "?"]
[Date "2014.03.23"]
[Round "8"]
[White "Kampfhenkel, Ulrich"]
[Black "Jörges, Frank"]
[Result "1-0"]
[WhiteElo "1931"]
[BlackElo "1855"]
[PlyCount "83"]
[EventDate "2014.??.??"]
[WhiteTeam "SV Ammern"]
[BlackTeam "ESV Lok Meiningen"]

1. e4 d5 2. exd5 Qxd5 3. Nc3 Qd6 4. d4 Nf6 5. Nf3 a6 6. Bd3 Bg4 7. h3 Bh5 8.
Qe2 e6 9. Ne4 Nxe4 10. Bxe4 c6 11. g4 Bg6 12. Bd2 Nd7 13. Bxg6 hxg6 14. O-O-O
Be7 15. Kb1 Qc7 16. Bg5 Bxg5 17. Nxg5 Nf6 18. Qf3 O-O-O 19. c4 Kb8 20. Qe3 Rd6
21. Qe5 Rd7 22. Qe3 Rd6 23. Nf3 c5 24. g5 cxd4 25. Rxd4 Rxd4 26. Qxd4 Rd8 27.
Qe5 Qxe5 28. Nxe5 Ne4 29. h4 Nxf2 30. Rf1 Rd1+ 31. Rxd1 Nxd1 32. Nxf7 Ne3 33.
Ne5 Kc7 34. b3 Kd6 35. Nxg6 e5 36. Kc1 Ke6 37. Kd2 Nf5 38. Kd3 Nd6 39. c5 Nf7
40. Ke4 a5 41. a3 Kd7 42. Nxe5+ 1-0

[Event "Landesklasse West 2013/2014"]
[Site "?"]
[Date "2014.03.23"]
[Round "8"]
[White "Grundei, Hans-Jürgen"]
[Black "Kurze, Christoph"]
[Result "0-1"]
[WhiteElo "1310"]
[BlackElo "1855"]
[PlyCount "60"]
[EventDate "2014.??.??"]
[WhiteTeam "ESV Lok Meiningen"]
[BlackTeam "SV Ammern"]

1. d4 Nf6 2. Nf3 e6 3. Nbd2 d5 4. Nb3 b6 5. e3 Bd6 6. Bd3 O-O 7. O-O Nbd7 8. c3
Bb7 9. Re1 c5 10. c4 Rc8 11. Nbd2 Ne4 12. Re2 f5 13. g3 g5 14. Qf1 Qf6 15. Bxe4
dxe4 16. Ne1 cxd4 17. exd4 Qxd4 18. Nb3 Qf6 19. Rd2 Qe7 20. Ng2 Ne5 21. Rc2
Nf3+ 22. Kh1 Qf6 23. Be3 f4 24. gxf4 gxf4 25. Bd2 Qh6 26. Nh4 Qxh4 27. Qg2+ Kf7
28. Nd4 Rg8 29. Nxf3 exf3 30. Qf1 Rg2 0-1

[Event "Landesklasse West 2013/2014"]
[Site "?"]
[Date "2014.03.23"]
[Round "8"]
[White "Semisch, Helga"]
[Black "Hentrich, Jörg"]
[Result "1/2-1/2"]
[WhiteElo "1240"]
[BlackElo "1727"]
[PlyCount "22"]
[EventDate "2014.??.??"]
[WhiteTeam "ESV Lok Meiningen"]
[BlackTeam "SV Ammern"]

1. d4 Nf6 2. e3 g6 3. Bd3 Bg7 4. f4 d6 5. Nf3 O-O 6. O-O c5 7. c3 Qc7 8. Nbd2
d5 9. Ne5 Nc6 10. Nxc6 Qxc6 11. Nf3 cxd4 1/2-1/2

[Event "Landesklasse West 2013/2014"]
[Site "?"]
[Date "2014.03.23"]
[Round "8"]
[White "Petiko, Nikolai"]
[Black "Wiederhold, Frank"]
[Result "1/2-1/2"]
[WhiteElo "1967"]
[BlackElo "1706"]
[PlyCount "112"]
[EventDate "2014.??.??"]
[WhiteTeam "SV Breitenworbis"]
[BlackTeam "SV Gernrode 1887"]

1. e4 c5 2. Nf3 Nc6 3. d4 cxd4 4. Nxd4 e6 5. Nc3 a6 6. g3 Nge7 7. Nb3 d6 8. Bg2
Bd7 9. O-O Nc8 10. a4 Be7 11. Be3 O-O 12. f4 Qc7 13. a5 b6 14. axb6 Nxb6 15.
Qe2 Nb4 16. Na5 Rfc8 17. Rfd1 Nc4 18. Nxc4 Qxc4 19. Qf2 a5 20. Bf1 Qc6 21. Rd2
Qb7 22. Na4 Bxa4 23. Rxa4 Qc6 24. Ra3 a4 25. c3 Na6 26. Bg2 Nc5 27. Bxc5 Qxc5
28. Qxc5 Rxc5 29. b4 Rc7 30. Bf1 Bf6 31. c4 Be7 32. Rda2 Rca7 33. Bd3 g6 34.
Kf2 Bf6 35. Ke2 Kg7 36. Bc2 Rc8 37. Bd3 Rca8 38. Ke3 Kf8 39. g4 h6 40. b5 Bd8
41. Bc2 Bb6+ 42. Kd3 Bc5 43. Rxa4 Rxa4 44. Rxa4 Rxa4 45. Bxa4 Ke7 46. Bd1 Kd8
47. Bf3 Kc7 48. e5 dxe5 49. fxe5 Bg1 50. h4 Bh2 51. Ke4 Kb6 52. h5 gxh5 53.
gxh5 Kc5 54. Be2 Bg3 55. Bg4 Bh2 56. Bh3 Bg3 1/2-1/2

[Event "Landesklasse West 2013/2014"]
[Site "?"]
[Date "2014.03.23"]
[Round "8"]
[White "Brodmann, Michael"]
[Black "Gast, Rainer"]
[Result "1-0"]
[WhiteElo "1718"]
[BlackElo "1878"]
[PlyCount "71"]
[EventDate "2014.??.??"]
[WhiteTeam "SV Gernrode 1887"]
[BlackTeam "SV Breitenworbis"]

1. d4 d5 2. c4 e6 3. Nc3 Nf6 4. Nf3 Be7 5. Bf4 O-O 6. e3 c5 7. Be2 Nc6 8. dxc5
Bxc5 9. O-O dxc4 10. Bxc4 a6 11. a3 b5 12. Bd3 Bb7 13. b4 Be7 14. h3 Qb6 15.
Qb3 Rfd8 16. Rfd1 Rd7 17. Rd2 Rad8 18. Rad1 Nd5 19. Nxd5 Rxd5 20. Qb1 g6 21.
Qb2 Bf8 22. Bg5 Be7 23. Bh6 Bf8 24. Bxf8 Rxf8 25. Be4 Rxd2 26. Nxd2 Rd8 27. Rc1
f5 28. Bf3 Kf7 29. Nb3 Ne7 30. Bxb7 Qxb7 31. Nc5 Qb6 32. e4 Nc6 33. exf5 gxf5
34. Qe2 Ne7 35. Qh5+ Kg8 36. Re1 1-0

[Event "Landesklasse West 2013/2014"]
[Site "?"]
[Date "2014.03.23"]
[Round "8"]
[White "Bötticher, Heinz-Wilfried"]
[Black "Brodmann, Peter"]
[Result "1/2-1/2"]
[WhiteElo "1828"]
[BlackElo "1688"]
[PlyCount "21"]
[EventDate "2014.??.??"]
[WhiteTeam "SV Breitenworbis"]
[BlackTeam "SV Gernrode 1887"]

1. d4 d5 2. c4 c6 3. Nc3 Nf6 4. Nf3 e6 5. Bg5 Be7 6. cxd5 cxd5 7. e3 O-O 8. Bd3
Nc6 9. O-O h6 10. Bh4 a6 11. a3 1/2-1/2

[Event "Landesklasse West 2013/2014"]
[Site "?"]
[Date "2014.03.23"]
[Round "8"]
[White "Herzberg, Ägidius"]
[Black "Hellrung, Bernhard"]
[Result "0-1"]
[WhiteElo "1552"]
[BlackElo "1841"]
[PlyCount "82"]
[EventDate "2014.??.??"]
[WhiteTeam "SV Gernrode 1887"]
[BlackTeam "SV Breitenworbis"]

1. d4 Nf6 2. c4 g6 3. Nf3 Bg7 4. Nc3 d6 5. e3 c6 6. Be2 Qc7 7. b4 a6 8. a4 O-O
9. Bd2 e5 10. Qc2 Re8 11. Bd3 Bg4 12. Ne4 Bxf3 13. gxf3 exd4 14. exd4 Nxe4 15.
fxe4 Bxd4 16. Bc3 Bxc3+ 17. Qxc3 Qe7 18. O-O-O Qg5+ 19. Kb1 Qf4 20. Qd4 Nd7 21.
h4 h5 22. Qc3 Ne5 23. Bc2 Rad8 24. c5 dxc5 25. Qxc5 Rxd1+ 26. Rxd1 Qxh4 27. Qb6
Qe7 28. Qd4 Nf3 29. Qc3 Ng5 30. f3 Ne6 31. Ka2 Rd8 32. Rg1 Nd4 33. Bb3 Nxb3 34.
Qxb3 Rd2+ 35. Kb1 Kh7 36. Qc3 Qd6 37. Kc1 Rd3 38. Qc2 Qd4 39. Qg2 Rc3+ 40. Kb1
Qxb4+ 41. Qb2 Rb3 0-1

[Event "Landesklasse West 2013/2014"]
[Site "?"]
[Date "2014.03.23"]
[Round "8"]
[White "Leibeling, Lucian"]
[Black "Lath, Vinzent"]
[Result "1-0"]
[WhiteElo "1843"]
[BlackElo "1606"]
[PlyCount "109"]
[EventDate "2014.??.??"]
[WhiteTeam "SV Breitenworbis"]
[BlackTeam "SV Gernrode 1887"]

1. c4 e5 2. Nc3 Nf6 3. d3 Nc6 4. g3 Bb4 5. Bd2 d5 6. cxd5 Nxd5 7. Bg2 Bxc3 8.
bxc3 O-O 9. Nf3 Re8 10. Qc2 Nf6 11. Bg5 h6 12. Bxf6 Qxf6 13. O-O Bf5 14. Nd2
Qe6 15. Rab1 Rab8 16. Rb2 Bh3 17. Rfb1 Bxg2 18. Kxg2 b6 19. e3 Red8 20. d4 Rd7
21. a4 Ne7 22. Kg1 a6 23. Qb3 Qxb3 24. Nxb3 Nd5 25. Nc5 Re7 26. Rb3 exd4 27.
cxd4 a5 28. Nd3 f6 29. Rc1 Rc8 30. Nf4 Nxf4 31. gxf4 Rb8 32. Kg2 Kf7 33. Kf3 f5
34. Rc6 Ke8 35. Rb5 Kd7 36. Rg6 Rf8 37. Rd5+ Kc8 38. Re5 Rff7 39. Rge6 Kd7 40.
Rxe7+ Rxe7 41. Rxf5 Kc6 42. Ke2 Kd6 43. Kd3 c6 44. f3 Rb7 45. Kc4 Ke6 46. e4
Rc7 47. Re5+ Kd6 48. f5 Rf7 49. Re6+ Kd7 50. Rg6 Kc8 51. Rxc6+ Kb7 52. Kb5 Rd7
53. d5 h5 54. Rxb6+ Kc8 55. Kxa5 1-0